Magnificat : (Record n. 23576)

Dettagli MARC
000 -LEADER
fixed length control field 01035nam a2200277 i 4500
003 - CONTROL NUMBER IDENTIFIER
control field IT-RoINE
005 - DATE AND TIME OF LATEST TRANSACTION
control field 20180329074100.0
008 - FIXED-LENGTH DATA ELEMENTS--GENERAL INFORMATION
fixed length control field 931209s1993 it |||||r |||||||ita|d
020 ## - INTERNATIONAL STANDARD BOOK NUMBER
International Standard Book Number 8821526720
040 ## - CATALOGING SOURCE
Transcribing agency IT-RoINE
Modifying agency IT-RoINE
041 1# - LANGUAGE CODE
Language code of text/sound track or separate title ita
Language code of original and/or intermediate translations of text fre
240 10 - UNIFORM TITLE
Uniform title Magnificat, neuf évêques d'Europe commentent le cantique de Marie.
Language of a work Italiano
245 00 - TITLE STATEMENT
Title Magnificat :
Remainder of title nove vescovi europei commentano il cantico di Maria /
Statement of responsibility, etc prefazione di André Frossard ; [traduzione di Armando Gonella]
260 ## - PUBLICATION, DISTRIBUTION, ETC. (IMPRINT)
Place of publication, distribution, etc Cinisello Balsamo :
Name of publisher, distributor, etc San Paolo,
Date of publication, distribution, etc 1993.
300 ## - PHYSICAL DESCRIPTION
Extent 108 p. ;
Dimensions 20 cm.
336 ## - CONTENT TYPE
Source rdacontent
Content type term text
337 ## - MEDIA TYPE
Source rdamedia
Media type term unmediated
338 ## - CARRIER TYPE
Source rdacarrier
Carrier type term volume
490 1# - SERIES STATEMENT
Series statement Modello e presenza ;
Volume number/sequential designation 8
500 ## - GENERAL NOTE
General note Traducción de: Magnificat; neuf évêques d'Europe commentent le cantique de Marie
630 #4 - SUBJECT ADDED ENTRY--UNIFORM TITLE
9 (RLIN) 46652
Uniform title Magnificat (Cántico)
General subdivision Comentarios
700 1# - ADDED ENTRY--PERSONAL NAME
9 (RLIN) 42438
Personal name Frossard, André,
Dates associated with a name 1915-1995
700 1# - ADDED ENTRY--PERSONAL NAME
Personal name Gonella, Armando
9 (RLIN) 46666
830 #0 - SERIES ADDED ENTRY--UNIFORM TITLE
Uniform title Modello e presenza
9 (RLIN) 46661
942 ## - ADDED ENTRY ELEMENTS (KOHA)
Item type Monografías
Dati di copia
Withdrawn status Lost status Damaged status Not for loan Home library Current library Date acquired Total Checkouts Full call number Barcode Date last seen Price effective from Koha item type
        Iglesia Nacional Española en Roma Iglesia Nacional Española en Roma 29/03/2018   NOVALÍN 443 NOV-0452 29/03/2018 29/03/2018 Monografías